[Event "Poznan op 24th"]
[Site "Poznan"]
[Date "2016.08.13"]
[Round "6"]
[White "Szafranski, Wojciech Jr"]
[Black "Czajka, Iwo"]
[Result "0-1"]
[WhiteElo "1172"]
[BlackElo "1521"]
[PlyCount "54"]
[EventDate "2016.08.08"]
[EventType "swiss"]
[EventRounds "9"]
[EventCountry "POL"]
[SourceTitle "CBM 173 Extra"]
[Source "ChessBase"]
[SourceDate "2016.08.29"]
[SourceVersion "1"]
[SourceVersionDate "2016.08.29"]
[SourceQuality "1"]

1. e4 e6 2. Nf3 d5 3. exd5 exd5 4. d4 Be7 5. Nc3 Nf6 6. Bd3 0-0 7. 0-0 Bg4 8. h3 Bh5 9. Re1 Nc6 10. Bf4 Bxf3 11. Qxf3 Nxd4 12. Qd1 Ne6 13. Be5 a6 14. Qf3 c6 15. Rad1 Re8 16. Bf5 Bd6 17. Bxf6 Qxf6 18. Qg4 Bc5 19. Na4 Ba7 20. Rd2 Re7 21. c3 b5 22. Bd3 Rae8 23. b3 bxa4 24. Qxa4 Nc5 25. Rxe7 Rxe7 26. Qa3 Re1+ 27. Kh2 Qf4+ 0-1